000 00806cab a2200229 4500
001 WB3010-89
008 090401t1994 xxu||||| |||| 00| 0 eng d
035 _a(Sirsi) u84470
041 _aeng
245 _aDartford bridge to pay for itself
260 _c1994
350 _a0
490 _aFinancial Times
_v9 March 1994, 7
490 _aDepartment of Transport Press Notice
_v(75) 8 March 1994 (3)
520 _aThe Dartford bridge, the first project to be completed under the Government`s initiative for private funding of transport links, is expected to pay for itself by the year 2001, seven years ahead of schedule.
650 _aDARTFORD BRIDGE
650 _aDARTFORD CROSSING
650 _aPRIVATE SECTOR
690 _aTRANSPORT AND COMMUNICATIONS
942 _n0
948 _c04/03/1997
999 _c53082
_d53082